Procedural Manual for Preparing Environmental Studies / (Record no. 2070)

000 -LEADER
fixed length control field 00299 a2200085 4500
082 ## - DEWEY DECIMAL CLASSIFICATION NUMBER
Classification number 333.7150994 PRO
245 ## - TITLE STATEMENT
Title Procedural Manual for Preparing Environmental Studies /
Statement of responsibility, etc. Environmental Assessment Section
260 ## - PUBLICATION, DISTRIBUTION, ETC.
Place of publication, distribution, etc. Indiana :
Name of publisher, distributor, etc. Environmental Assessment Section,
Date of publication, distribution, etc. 2004
300 ## - PHYSICAL DESCRIPTION
Other physical details ill. ;
Dimensions 30 cm
650 ## - SUBJECT ADDED ENTRY--TOPICAL TERM
Topical term or geographic name entry element Environmental Studies
Holdings
Withdrawn status Lost status Damaged status Not for loan Permanent Location Current Location Shelving location Date acquired Total Checkouts Full call number Barcode Date last seen Price effective from Koha item type
        School of Civil and Environmental Engineering (SCEE) School of Civil and Environmental Engineering (SCEE)       333.7150994 PRO NIT-2815 01/05/2017 01/05/2017 Book
© 2023 Central Library, National University of Sciences and Technology. All Rights Reserved.